Normal view
MARC view
- Arthur, Lowell jay
Entry Personal Name
001 - CONTROL NUMBER
- control field: 99299
003 - CONTROL NUMBER IDENTIFIER
- control field: NUST
005 - DATE AND TIME OF LATEST TRANSACTION
- control field: 20221006133221.0
008 - FIXED-LENGTH DATA ELEMENTS
- fixed length control field: 221006|| aca||aabn | a|a d
040 ## - CATALOGING SOURCE
- Original cataloging agency: NUST
- Transcribing agency: NUST
100 ## - HEADING--PERSONAL NAME
- Personal name: Arthur, Lowell jay
670 ## - SOURCE DATA FOUND
- Source citation: Work cat.: (NUST): Arthur, Lowell jay, Unix Shell Programming /, 1990
